Vegetaciones adenoideas (Record no. 180846)

MARC details
000 -LEADER
campo de control de longitud fija 00543nam a2200157 i 4500
001 - NÚMERO DE CONTROL
campo de control 180846
003 - IDENTIFICADOR DE NÚMERO DE CONTROL
campo de control ES-MaACL
005 - FECHA Y HORA DE LA ÚLTIMA TRANSACCIÓN
campo de control 20230906221208.0
008 - DATOS DE LONGITUD FIJA--INFORMACIÓN GENERAL
campo de control de longitud fija 120719s1903 sp |||| | spa d
100 1# - ENTRADA PRINCIPAL--NOMBRE DE PERSONA
Nombre de persona Pallarés Arcas, José.
9 (RLIN) 151060
245 10 - MENCIÓN DEL TÍTULO
Título Vegetaciones adenoideas
Resto del título : memoria del doctorado /
Mención de responsabilidad, etc. por José Pallarés Arcas.
260 ## - PUBLICACIÓN, DISTRIBUCIÓN, ETC.
Lugar de publicación, distribución, etc. Lorca :
Nombre del editor, distribuidor, etc. [s.n.],
Fecha de publicación, distribución, etc. 1903 (
Fabricante Impr. de la Región de Levante)
300 ## - DESCRIPCIÓN FÍSICA
Extensión 111 p., 2 h. ;
Dimensiones 21 cm.
594 ## - Nota al título y mención de responsabilidad
Nota al título y mención de responsabilidad Precede al tít.: Facultad de Medicina de Madrid.
852 ## - LOCALIZACIÓN
Ubicación ES-MaACL
Número de control de estantería T-1049-F-8
Holdings
Estatus retirado Estado de pérdida Estado de daño No para préstamo Colección Biblioteca de origen Biblioteca actual Ubicación en estantería Fecha de adquisición Fuente de adquisición Total de préstamos Signatura topográfica completa Código de barras Visto por última vez Precio de reemplazo Tipo de ítem Koha
        Colección de folletos Biblioteca del Ateneo de Madrid Biblioteca del Ateneo de Madrid Depósito folletos 19/07/2012     T-1049-F-8 1190031 23/02/2023 23/02/2023 Folleto